000 00662nam a2200241 a 4500
001 22182
003 BD-RjUL
005 20211209000757.0
008 140306t1732 enkc 000 0 eng d
029 _a1732
035 _a(BD-RjUL)22247
035 _a(OCoLC)7011793
040 _aSUC
_cSUC
_dm.c
_dBD-RjUL
_beng
041 _aeng
082 0 4 _a821.4
_bMIL 1732
245 0 0 _aMilton's Paradise lost /
260 _aLondon :
_bEdward Arnold,
_c1732.
300 _a79 p. ;
_c29 cm.
650 1 _aBible. -- Genesis -- History of Biblical events -- Poetry.
_968459
700 1 _aCollins, J. Churton,
_968460
700 1 _aSargeaunt, J.
_968461
942 _2ddc
_cBK
999 _c22182
_d22182